| 000 | 00396nam a2200145Ia 4500 | ||
|---|---|---|---|
| 008 | 220217s9999||||xx |||||||||||||| ||und|| | ||
| 020 | _a0-07-116898-2 | ||
| 082 | _a005.73 RAM | ||
| 100 | _aRamakrishnan, Raghu Gehrke, Johannes | ||
| 245 | 0 | _aDatabase management systems | |
| 250 | _a2nd | ||
| 260 |
_aTata mcgraw hill _bNew Delhi _c2000 |
||
| 300 |
_b _6.95 |
||
| 650 | _aDATA STRUCTURES | ||
| 999 |
_c169123 _d169123 |
||